000 00187 a2200097 4500
020 _a9780590291859
041 _aspa
100 _aMargarita Gonzales
245 _aBotas negras
942 _cBK
999 _c9534
_d9534